000 01343cam a22003131 4500
001 gs 47000205
003 DLC
005 20260227111352.0
008 790612s1947 sduab b s000 0 eng
010 _ags 47000205
035 _a(OCoLC)5057904
040 _aDLC
_cTxCM
_dOCoLC
_dDLC
_dWaU
050 0 0 _aGB1027.S5
_bS6
110 2 _aSouth Dakota Geological Survey
245 1 0 _aGround water resources of the Sioux Falls area, South Dakota.
_cGeology, by E. P. Rothrock; Hydrology by E. G. Otton.
260 _aVermillion,
_bUniversity of South Dakota,
_c1947.
300 _a2 pts. (iii, 108 p., 1 l.)
_billus., maps (2 fold. in pocket) diagrs. (1 fold. in pocket)
490 1 _aIts Report of investigations,
_vno. 56
500 _aAt head of title: State of South Dakota. State Geological Survey.
500 _a"Published in cooperation with the United States Geological Survey."
504 _aBibliography: leaf at end.
650 0 _aGroundwater
_zSouth Dakota
_zSioux Falls area.
650 0 _aWater-supply
_zSouth Dakota
_zSioux Falls area.
650 0 _aGeology
_zSouth Dakota
_zSioux Falls area.
700 1 _aRothrock, E. P.
_q(Edgar Paul),
_d1889-1977.
700 1 _aOtton, E. G.
_q(Edmond George),
_d1918-
710 2 _aGeological Survey (U.S.)
830 0 _aReport of investigations (South Dakota Geological Survey) ;
_vno. 56.
999 _c28168
_d28168